000 00551nam a2200217Ia 4500
003 OSt
005 20220928144926.0
006 a|||||r|||| 00| 0
007 ta
008 220927b |||||||| |||| 00| 0 eng d
024 _a77202
037 _cTextual
040 _aSDCL
_cSDCL
_beng
041 _2eng
_aeng
082 _aO-,3M40:g, F7
100 _aChase Mary Ellen
_9510512
245 0 _aThomas Hardy from serial to novel.
260 _c1927
942 _hO-,3M40:g, F7
_cTEXL
_2CC
999 _c830605
_d830605